Фотометрическое определение алюминия с ксиленоловым оранжевым в железе высокой чистоты; Известия Томского политехнического института [Известия ТПИ]; Т. 234 : Неорганическая химия

Библиографические подробности
Источник:Известия Томского политехнического института [Известия ТПИ]/ Томский политехнический институт (ТПИ).— , 1944-1976
Т. 234 : Неорганическая химия.— 1974.— [С. 85-87]
Главный автор: Соколович В. Б.
Другие авторы: Малеванный В. А., Лельчук Ю. Л. Юрий Львович (Юдель Лейбович)
Примечания:Заглавие с титульного листа
Электронная версия печатной публикации
Язык:русский
Опубликовано: 1974
Предметы:
Online-ссылка:Черно-белая версия для предварительного просмотра
Цветная версия без потери качества
Формат: MixedMaterials Электронный ресурс Статья
Запись в KOHA:https://koha.lib.tpu.ru/cgi-bin/koha/opac-detail.pl?biblionumber=227126

MARC

LEADER 00000nla2a2200000 4500
001 227126
005 20231031201300.0
035 |a (RuTPU)RU\TPU\book\247526 
035 |a RU\TPU\book\247525 
090 |a 227126 
100 |a 20121202d1974 k y0rusy50 ca 
101 0 |a rus 
102 |a RU 
135 |a drnn ---uucaa 
181 0 |a i  
182 0 |a b 
200 1 |a Фотометрическое определение алюминия с ксиленоловым оранжевым в железе высокой чистоты  |b Электронный ресурс  |f В. Б. Соколович, В. А. Малеванный, Ю. Л. Лельчук 
203 |a Текст  |c электронный 
215 |a 2 файла (154 Кб, 3 Мб) 
230 |a Электронные текстовые данные (2 файла : 154 Кб, 3 Мб) 
300 |a Заглавие с титульного листа 
300 |a Электронная версия печатной публикации 
320 |a [Библиогр.: с. 87 (4 назв.)] 
337 |a Adobe Reader 
461 1 |0 (RuTPU)RU\TPU\book\200995  |t Известия Томского политехнического института [Известия ТПИ]  |f Томский политехнический институт (ТПИ)  |d 1944-1976 
463 1 |0 (RuTPU)RU\TPU\book\247430  |t Т. 234 : Неорганическая химия  |v [С. 85-87]  |d 1974  |p 96 с. 
610 1 |a электронный ресурс 
610 1 |a труды учёных ТПУ 
700 1 |a Соколович  |b В. Б. 
701 1 |a Малеванный  |b В. А. 
701 1 |a Лельчук  |b Ю. Л.  |c российский химик  |c зав. кафедрой аналитической химии ТПУ  |f 1910-2000  |g Юрий Львович (Юдель Лейбович)  |2 stltpush  |3 (RuTPU)RU\TPU\pers\23642 
801 1 |a RU  |b 63413507  |c 20090320  |g PSBO 
801 2 |a RU  |b 63413507  |c 20130322  |g PSBO 
856 4 |u http://www.lib.tpu.ru/fulltext/v/Bulletin_TPU/1974/v234/29_bw.pdf  |z Черно-белая версия для предварительного просмотра 
856 4 |u http://www.lib.tpu.ru/fulltext/v/Bulletin_TPU/1974/v234/29_full.pdf  |z Цветная версия без потери качества 
942 |c CF